[Event "D14blitz"]
[Site "?"]
[Date "2020.08.27"]
[Round "5.6"]
[White "Zabrzanska, Weronika"]
[Black "Garbowska, Maja"]
[Result "1-0"]
[BlackElo "1220"]
[WhiteElo "1634"]
[LiveChessVersion "1.4.4"]

1. e4 {[%clk 0:03:03]} e5 {[%clk 0:03:03]} 2. Nf3 {[%clk 0:03:04]} Nc6
{[%clk 0:03:04]} 3. Bc4 {[%clk 0:03:05]} Bc5 {[%clk 0:03:05]} 4. O-O
{[%clk 0:03:05]} Nf6 {[%clk 0:03:04]} 5. d4 {[%clk 0:03:06]} exd4
{[%clk 0:03:00]} 6. e5 {[%clk 0:03:07]} d5 {[%clk 0:02:59]} 7. exf6
{[%clk 0:03:07]} dxc4 {[%clk 0:02:59]} 8. fxg7 {[%clk 0:03:04]} Rg8
{[%clk 0:03:00]} 9. Re1+ {[%clk 0:03:05]} Be6 {[%clk 0:02:53]} 10. Bg5
{[%clk 0:02:56]} Qd7 {[%clk 0:02:29]} 11. Bh6 {[%clk 0:02:42]} O-O-O
{[%clk 0:02:22]} 12. Nbd2 {[%clk 0:02:42]} Bg4 {[%clk 0:01:55]} 13. Nxc4
{[%clk 0:02:18]} Qf5 {[%clk 0:01:39]} 14. Nce5 {[%clk 0:01:22]} Ne7
{[%clk 0:00:45]} 15. Nxg4 {[%clk 0:01:09]} Qxg4 {[%clk 0:00:44]} 16. Ne5
{[%clk 0:01:00]} Qf5 {[%clk 0:00:36]} 17. Qf3 {[%clk 0:00:49]} Qxf3
{[%clk 0:00:27]} 18. Nxf3 {[%clk 0:00:36]} Nf5 19. Bg5 {[%clk 0:00:34]} Rd6
{[%clk 0:00:21]} 20. Re5 {[%clk 0:00:26]} Bb6 {[%clk 0:00:06]} 21. Rxf5
{[%clk 0:00:24]} Rxg7 {[%clk 0:00:06]} 22. Bf6 {[%clk 0:00:17]} Rg6
{[%clk 0:00:06]} 23. Be5 {[%clk 0:00:17]} Rd8 {[%clk 0:00:03]} 24. Rd1
{[%clk 0:00:13]} Rdg8 {[%clk 0:00:03]} 25. g3 {[%clk 0:00:14]} h6
{[%clk 0:00:03]} 26. Bxd4 {[%clk 0:00:14]} Bxd4 {[%clk 0:00:04]} 27. Rxd4
{[%clk 0:00:15]} Re6 {[%clk 0:00:05]} 28. Rxf7 {[%clk 0:00:15]} Re2
{[%clk 0:00:05]} 29. Rd2 {[%clk 0:00:15]} Re4 {[%clk 0:00:04]} 30. Rdd7
{[%clk 0:00:14]} Rc4 {[%clk 0:00:00]} 1-0

[Event "D14blitz"]
[Site "?"]
[Date "2020.08.27"]
[Round "5.7"]
[White "Pastuszko, Katarzyna"]
[Black "Starosta, Martyna"]
[Result "0-1"]
[BlackElo "1722"]
[WhiteElo "1241"]
[LiveChessVersion "1.4.4"]

1. e4 {[%clk 0:03:03]} e5 {[%clk 0:03:03]} 2. Nf3 {[%clk 0:03:05]} Nc6
{[%clk 0:03:05]} 3. Bc4 {[%clk 0:03:06]} Nf6 {[%clk 0:03:06]} 4. d3
{[%clk 0:03:07]} Be7 {[%clk 0:03:06]} 5. O-O {[%clk 0:03:05]} O-O
{[%clk 0:03:07]} 6. Nc3 {[%clk 0:03:04]} d6 {[%clk 0:03:05]} 7. Be3
{[%clk 0:03:04]} Kh8 {[%clk 0:03:05]} 8. Bb3 {[%clk 0:03:02]} Ng8
{[%clk 0:03:06]} 9. d4 {[%clk 0:02:51]} Bg4 {[%clk 0:02:58]} 10. d5
{[%clk 0:02:47]} Nb8 {[%clk 0:02:53]} 11. h3 {[%clk 0:02:46]} Bh5
{[%clk 0:02:51]} 12. g4 {[%clk 0:02:35]} Bg6 {[%clk 0:02:52]} 13. Qd2
{[%clk 0:02:36]} h5 {[%clk 0:02:47]} 14. Bg5 {[%clk 0:02:30]} Nd7
{[%clk 0:02:39]} 15. Kg2 {[%clk 0:02:14]} Nc5 {[%clk 0:02:30]} 16. Qe3
{[%clk 0:02:03]} f6 {[%clk 0:02:17]} 17. Bh4 {[%clk 0:02:00]} Bf7
{[%clk 0:02:16]} 18. Rg1 {[%clk 0:01:41]} g5 {[%clk 0:02:06]} 19. Bg3
{[%clk 0:01:40]} Nh6 {[%clk 0:02:02]} 20. Rh1 {[%clk 0:01:33]} Rg8
{[%clk 0:01:55]} 21. gxh5 {[%clk 0:01:24]} Bxh5 {[%clk 0:01:55]} 22. h4 Bxf3+
{[%clk 0:01:49]} 23. Qxf3 {[%clk 0:01:23]} g4 {[%clk 0:01:45]} 24. Qe3
{[%clk 0:01:22]} Kh7 {[%clk 0:01:44]} 25. f4 {[%clk 0:01:06]} gxf3+
{[%clk 0:01:39]} 26. Qxf3 {[%clk 0:01:05]} Qd7 {[%clk 0:01:30]} 27. Raf1
{[%clk 0:01:03]} Rg7 {[%clk 0:01:28]} 28. Kh2 {[%clk 0:01:00]} Rag8
{[%clk 0:01:26]} 29. Rfg1 {[%clk 0:00:59]} f5 {[%clk 0:01:03]} 30. Bf2
{[%clk 0:00:55]} Ng4+ {[%clk 0:00:58]} 31. Kh3 {[%clk 0:00:54]} Nxf2+
{[%clk 0:00:56]} 32. Qxf2 {[%clk 0:00:57]} fxe4+ {[%clk 0:00:52]} 33. Kh2
{[%clk 0:00:56]} Rg4 {[%clk 0:00:38]} 34. Qf7+ {[%clk 0:00:52]} R8g7
{[%clk 0:00:38]} 35. Qh5+ {[%clk 0:00:53]} Kg8 {[%clk 0:00:39]} 36. Rxg4
{[%clk 0:00:50]} Qxg4 {[%clk 0:00:37]} 37. Qxg4 {[%clk 0:00:51]} Rxg4
{[%clk 0:00:37]} 38. Kh3 {[%clk 0:00:52]} Rxh4+ {[%clk 0:00:37]} 39. Kg2
{[%clk 0:00:52]} Rxh1 {[%clk 0:00:35]} 40. Kxh1 {[%clk 0:00:53]} Bg5
{[%clk 0:00:32]} 41. Kg2 {[%clk 0:00:54]} Bc1 {[%clk 0:00:32]} 42. Kf2
{[%clk 0:00:52]} Bxb2 {[%clk 0:00:30]} 43. Na4 {[%clk 0:00:51]} Nxa4
{[%clk 0:00:30]} 44. Bxa4 {[%clk 0:00:52]} Bd4+ {[%clk 0:00:31]} 45. Ke2
{[%clk 0:00:53]} Kf7 {[%clk 0:00:32]} 46. c4 Kf6 {[%clk 0:00:30]} 47. Bd7
{[%clk 0:00:50]} b6 {[%clk 0:00:30]} 48. a4 {[%clk 0:00:50]} Kg5 {[%clk 0:00:29]}
49. Bh3 {[%clk 0:00:49]} Kf4 {[%clk 0:00:30]} 50. Bd7 {[%clk 0:00:45]} Bc5
{[%clk 0:00:30]} 51. Bh3 {[%clk 0:00:43]} e3 {[%clk 0:00:31]} 52. Be6
{[%clk 0:00:40]} Ke4 {[%clk 0:00:31]} 53. Bd7 {[%clk 0:00:40]} Kd4
{[%clk 0:00:26]} 54. Bb5 {[%clk 0:00:40]} Kc3 {[%clk 0:00:26]} 55. Ke1
{[%clk 0:00:37]} Kd3 {[%clk 0:00:26]} 56. Kd1 {[%clk 0:00:28]} e2+
{[%clk 0:00:27]} 57. Ke1 {[%clk 0:00:29]} Ke3 {[%clk 0:00:28]} 0-1

[Event "D14blitz"]
[Site "?"]
[Date "2020.08.27"]
[Round "6.1"]
[White "Obrochta, Lena"]
[Black "Rejniak, Zuzanna"]
[Result "0-1"]
[BlackElo "1587"]
[WhiteElo "1517"]
[LiveChessVersion "1.4.4"]

1. e4 {[%clk 0:03:03]} c5 {[%clk 0:03:03]} 2. Nf3 {[%clk 0:03:04]} d6
{[%clk 0:03:04]} 3. d4 cxd4 4. Nxd4 {[%clk 0:03:06]} Nf6 {[%clk 0:03:07]} 5. Nc3
{[%clk 0:03:07]} a6 {[%clk 0:03:08]} 6. f4 {[%clk 0:03:08]} e5 {[%clk 0:03:09]}
7. Nf3 {[%clk 0:03:09]} Nbd7 {[%clk 0:03:06]} 8. a4 {[%clk 0:03:10]} Be7
{[%clk 0:03:06]} 9. Bd3 {[%clk 0:03:11]} O-O {[%clk 0:03:04]} 10. O-O
{[%clk 0:03:10]} exf4 {[%clk 0:03:04]} 11. Bxf4 {[%clk 0:03:11]} Ne5
{[%clk 0:03:05]} 12. Nxe5 {[%clk 0:03:04]} dxe5 {[%clk 0:03:06]} 13. Bxe5
{[%clk 0:03:04]} Qb6+ {[%clk 0:03:07]} 14. Kh1 {[%clk 0:03:04]} Qxb2
{[%clk 0:02:55]} 15. Bxf6 {[%clk 0:02:20]} Bxf6 {[%clk 0:02:56]} 16. Nd5
{[%clk 0:02:14]} Be5 {[%clk 0:02:07]} 17. Rb1 {[%clk 0:02:12]} Qd4
{[%clk 0:02:08]} 18. c3 {[%clk 0:02:03]} Qc5 {[%clk 0:01:56]} 19. c4
{[%clk 0:02:03]} Rb8 {[%clk 0:01:17]} 20. Qh5 {[%clk 0:02:03]} Qd6
{[%clk 0:01:11]} 21. c5 {[%clk 0:01:53]} g6 {[%clk 0:01:11]} 22. Qg5
{[%clk 0:01:38]} f6 {[%clk 0:00:44]} 23. Qe3 {[%clk 0:01:35]} Qd8
{[%clk 0:00:40]} 24. c6 {[%clk 0:01:35]} bxc6 {[%clk 0:00:38]} 25. Rxb8
{[%clk 0:01:34]} Bxb8 {[%clk 0:00:39]} 26. Nc3 {[%clk 0:01:23]} Qd6
{[%clk 0:00:37]} 27. Bc4+ {[%clk 0:01:22]} Kg7 {[%clk 0:00:37]} 28. g3
{[%clk 0:01:20]} Be6 {[%clk 0:00:30]} 29. Bxe6 {[%clk 0:01:20]} Qxe6
{[%clk 0:00:31]} 30. Qd4 {[%clk 0:01:16]} Be5 {[%clk 0:00:29]} 31. Qc5
{[%clk 0:01:12]} Bxc3 {[%clk 0:00:29]} 32. Qxc3 {[%clk 0:01:13]} Qxe4+
{[%clk 0:00:30]} 33. Qf3 {[%clk 0:01:14]} Qxf3+ {[%clk 0:00:30]} 34. Rxf3
{[%clk 0:01:16]} Rc8 {[%clk 0:00:30]} 35. Rd3 {[%clk 0:01:14]} c5
{[%clk 0:00:29]} 36. Rd7+ {[%clk 0:01:15]} Kh6 {[%clk 0:00:29]} 37. Rd6
{[%clk 0:01:16]} c4 {[%clk 0:00:27]} 38. Rd2 {[%clk 0:01:06]} c3 {[%clk 0:00:28]}
39. Rc2 {[%clk 0:01:08]} Rc4 {[%clk 0:00:27]} 40. Kg2 {[%clk 0:01:09]} Kg5
{[%clk 0:00:26]} 41. Kf3 {[%clk 0:01:07]} Kf5 {[%clk 0:00:26]} 42. Ke3 Ke5 43.
Kd3 {[%clk 0:01:03]} Rc5 {[%clk 0:00:23]} 44. Ke3 {[%clk 0:00:48]} Rc4
{[%clk 0:00:20]} 45. Kd3 {[%clk 0:00:48]} Rxa4 {[%clk 0:00:21]} 46. Rxc3
{[%clk 0:00:49]} Ra2 {[%clk 0:00:22]} 47. Rc6 {[%clk 0:00:47]} Rxh2
{[%clk 0:00:22]} 48. Rxa6 {[%clk 0:00:48]} Rh3 {[%clk 0:00:21]} 49. Ra5+
{[%clk 0:00:46]} Ke6 {[%clk 0:00:22]} 50. Ra6+ {[%clk 0:00:47]} Kf7
{[%clk 0:00:22]} 51. Ra7+ {[%clk 0:00:49]} Ke6 {[%clk 0:00:21]} 52. Ke4
{[%clk 0:00:48]} Rxg3 {[%clk 0:00:20]} 53. Rxh7 {[%clk 0:00:49]} f5+
{[%clk 0:00:21]} 54. Kf4 {[%clk 0:00:50]} Rg4+ {[%clk 0:00:22]} 55. Kf3
{[%clk 0:00:51]} g5 {[%clk 0:00:20]} 56. Rh6+ {[%clk 0:00:50]} Ke5
{[%clk 0:00:21]} 57. Ra6 {[%clk 0:00:51]} Rf4+ {[%clk 0:00:21]} 58. Kg3
{[%clk 0:00:52]} Rd4 {[%clk 0:00:21]} 59. Ra5+ {[%clk 0:00:52]} Rd5
{[%clk 0:00:22]} 60. Ra8 {[%clk 0:00:51]} Rd3+ {[%clk 0:00:23]} 61. Kf2
{[%clk 0:00:51]} f4 {[%clk 0:00:22]} 62. Ra5+ {[%clk 0:00:52]} Kf6
{[%clk 0:00:23]} 63. Ra6+ {[%clk 0:00:53]} Kf5 {[%clk 0:00:24]} 64. Ra5+
{[%clk 0:00:54]} Kg4 {[%clk 0:00:25]} 65. Ke2 {[%clk 0:00:49]} Rh3
{[%clk 0:00:23]} 66. Kf2 {[%clk 0:00:49]} Rh2+ {[%clk 0:00:23]} 67. Kg1
{[%clk 0:00:50]} Rb2 {[%clk 0:00:23]} 68. Kf1 {[%clk 0:00:49]} Kf3
{[%clk 0:00:17]} 69. Ra3+ {[%clk 0:00:50]} Kg4 {[%clk 0:00:17]} 70. Ra5
{[%clk 0:00:49]} f3 {[%clk 0:00:14]} 71. Kg1 {[%clk 0:00:46]} Kf4
{[%clk 0:00:14]} 72. Ra4+ {[%clk 0:00:45]} Kg3 {[%clk 0:00:15]} 73. Ra1
{[%clk 0:00:39]} g4 {[%clk 0:00:14]} 74. Kf1 {[%clk 0:00:38]} Rh2
{[%clk 0:00:14]} 0-1

[Event "D14blitz"]
[Site "?"]
[Date "2020.08.27"]
[Round "6.2"]
[White "Tokarz, Izabela"]
[Black "Janikowska, Wiktoria"]
[Result "0-1"]
[BlackElo "1314"]
[WhiteElo "1504"]
[LiveChessVersion "1.4.4"]

1. d4 {[%clk 0:03:03]} Nf6 {[%clk 0:03:03]} 2. c4 {[%clk 0:03:05]} e5
{[%clk 0:03:02]} 3. dxe5 {[%clk 0:03:06]} Ng4 {[%clk 0:03:03]} 4. Nf3
{[%clk 0:03:06]} Nc6 {[%clk 0:03:02]} 5. Bf4 {[%clk 0:03:04]} Bb4+
{[%clk 0:02:55]} 6. Nbd2 {[%clk 0:03:04]} Qe7 {[%clk 0:02:48]} 7. a3
{[%clk 0:03:05]} Bxd2+ {[%clk 0:02:46]} 8. Qxd2 {[%clk 0:03:05]} Ngxe5
{[%clk 0:02:44]} 9. Bxe5 {[%clk 0:03:04]} Nxe5 {[%clk 0:02:45]} 10. Nxe5
{[%clk 0:03:05]} Qxe5 {[%clk 0:02:45]} 11. e3 {[%clk 0:03:04]} O-O
{[%clk 0:02:43]} 12. Bd3 {[%clk 0:03:05]} d6 {[%clk 0:02:40]} 13. O-O-O
{[%clk 0:02:56]} Be6 {[%clk 0:02:31]} 14. Qc2 {[%clk 0:02:51]} h6
{[%clk 0:02:29]} 15. Be4 {[%clk 0:02:45]} Qc5 {[%clk 0:02:23]} 16. Bd5
{[%clk 0:02:41]} a5 {[%clk 0:02:09]} 17. Bxe6 {[%clk 0:02:32]} fxe6
{[%clk 0:02:09]} 18. Rd4 {[%clk 0:02:26]} Rf6 {[%clk 0:01:54]} 19. Kb1
{[%clk 0:02:02]} Raf8 {[%clk 0:01:51]} 20. f3 {[%clk 0:02:00]} e5
{[%clk 0:01:46]} 21. Re4 {[%clk 0:01:50]} c6 {[%clk 0:01:33]} 22. Qc3
{[%clk 0:01:39]} Rg6 {[%clk 0:01:28]} 23. Qc2 {[%clk 0:01:29]} Rgf6
{[%clk 0:01:24]} 24. Rd1 {[%clk 0:01:22]} b5 {[%clk 0:01:17]} 25. cxb5
{[%clk 0:01:20]} Qxb5 {[%clk 0:01:10]} 26. Rc4 {[%clk 0:01:10]} d5
{[%clk 0:01:08]} 27. Rc5 {[%clk 0:01:08]} Qb6 {[%clk 0:01:04]} 28. Qc3
{[%clk 0:01:10]} a4 {[%clk 0:00:46]} 29. Rc1 {[%clk 0:00:59]} Rb8
{[%clk 0:00:39]} 30. Qxe5 {[%clk 0:00:54]} Qb3 {[%clk 0:00:31]} 31. Qc3
{[%clk 0:00:54]} Qb6 {[%clk 0:00:24]} 32. Rc2 {[%clk 0:00:53]} Re6
{[%clk 0:00:14]} 33. Rxc6 {[%clk 0:00:40]} Rxc6 {[%clk 0:00:13]} 34. Qxc6
{[%clk 0:00:40]} Qxe3 {[%clk 0:00:12]} 35. Qxd5+ {[%clk 0:00:41]} Kh8
{[%clk 0:00:11]} 36. Qc4 {[%clk 0:00:22]} Qxa3 {[%clk 0:00:09]} 37. Qc3
{[%clk 0:00:18]} Qd6 {[%clk 0:00:08]} 38. Qc4 {[%clk 0:00:15]} Qd1+
{[%clk 0:00:09]} 39. Ka2 {[%clk 0:00:17]} a3 {[%clk 0:00:09]} 40. Qc3
{[%clk 0:00:10]} axb2 {[%clk 0:00:09]} 41. Rxb2 {[%clk 0:00:11]} Ra8+
{[%clk 0:00:07]} 42. Qa3 {[%clk 0:00:12]} Rxa3+ {[%clk 0:00:07]} 43. Kxa3
{[%clk 0:00:13]} Qd3+ {[%clk 0:00:08]} 44. Rb3 {[%clk 0:00:15]} Qf1
{[%clk 0:00:09]} 45. Rb2 {[%clk 0:00:16]} Kh7 {[%clk 0:00:10]} 46. Kb3
{[%clk 0:00:17]} Qb5+ {[%clk 0:00:11]} 47. Kc3 {[%clk 0:00:19]} Qe5+
{[%clk 0:00:12]} 48. Kb3 {[%clk 0:00:20]} Qxh2 {[%clk 0:00:12]} 49. Kc3
{[%clk 0:00:21]} Qe5+ {[%clk 0:00:12]} 50. Kb3 {[%clk 0:00:22]} h5
{[%clk 0:00:12]} 51. Rc2 {[%clk 0:00:23]} h4 {[%clk 0:00:12]} 52. Kc4
{[%clk 0:00:23]} Qc7+ {[%clk 0:00:13]} 53. Kd3 {[%clk 0:00:24]} Qf4
{[%clk 0:00:11]} 54. Ke2 {[%clk 0:00:22]} Qg3 {[%clk 0:00:12]} 55. Ke3
{[%clk 0:00:21]} Qg5+ {[%clk 0:00:10]} 56. Kd3 {[%clk 0:00:22]} Qf5+
{[%clk 0:00:11]} 57. Kd2 {[%clk 0:00:23]} Kh6 {[%clk 0:00:11]} 58. Kd1
{[%clk 0:00:21]} Qb5 {[%clk 0:00:12]} 59. Kd2 {[%clk 0:00:19]} Qd5+
{[%clk 0:00:11]} 60. Ke2 {[%clk 0:00:19]} Qb3 {[%clk 0:00:12]} 61. Rd2
{[%clk 0:00:20]} Qc4+ {[%clk 0:00:12]} 62. Ke3 {[%clk 0:00:21]} Kg5
{[%clk 0:00:12]} 63. Rd4 {[%clk 0:00:20]} Qxd4+ {[%clk 0:00:13]} 64. Kxd4
{[%clk 0:00:21]} Kf4 {[%clk 0:00:14]} 65. Kd5 {[%clk 0:00:19]} Kg3
{[%clk 0:01:14]} 66. Ke5 {[%clk 0:00:18]} Kxg2 {[%clk 0:01:14]} 67. f4
{[%clk 0:00:20]} h3 {[%clk 0:01:15]} 68. Kf5 h2 69. Kg6 {[%clk 0:00:21]} h1=Q
{[%clk 0:01:16]} 70. Kxg7 {[%clk 0:00:22]} Qf1 {[%clk 0:01:15]} 0-1

[Event "D14blitz"]
[Site "?"]
[Date "2020.08.27"]
[Round "6.3"]
[White "Starosta, Martyna"]
[Black "Barwinska, Ewa"]
[Result "0-1"]
[BlackElo "1517"]
[WhiteElo "1722"]
[LiveChessVersion "1.4.4"]

1. f4 {[%clk 0:03:02]} g6 {[%clk 0:03:02]} 2. e4 {[%clk 0:03:03]} c5
{[%clk 0:03:02]} 3. Nf3 {[%clk 0:03:04]} Bg7 {[%clk 0:03:02]} 4. d3
{[%clk 0:03:05]} Nf6 {[%clk 0:03:01]} 5. g3 {[%clk 0:03:06]} d6 {[%clk 0:02:59]}
6. Bg2 {[%clk 0:03:07]} O-O {[%clk 0:02:55]} 7. O-O {[%clk 0:03:07]} Nc6
{[%clk 0:02:52]} 8. c3 {[%clk 0:03:07]} e5 {[%clk 0:02:47]} 9. h3
{[%clk 0:02:57]} Nh5 {[%clk 0:02:13]} 10. Qe1 {[%clk 0:02:32]} exf4
{[%clk 0:02:11]} 11. gxf4 {[%clk 0:02:32]} f5 {[%clk 0:01:46]} 12. Nh2
{[%clk 0:02:08]} Nf6 {[%clk 0:01:11]} 13. e5 {[%clk 0:01:41]} dxe5
{[%clk 0:01:12]} 14. fxe5 {[%clk 0:01:42]} Nd7 {[%clk 0:00:51]} 15. Bxc6
{[%clk 0:00:58]} bxc6 {[%clk 0:00:52]} 16. Nf3 {[%clk 0:00:58]} Re8
{[%clk 0:00:47]} 17. d4 {[%clk 0:00:59]} cxd4 {[%clk 0:00:47]} 18. cxd4
{[%clk 0:01:00]} c5 {[%clk 0:00:47]} 19. Bg5 {[%clk 0:00:39]} Qb6
{[%clk 0:00:42]} 20. Nc3 {[%clk 0:00:22]} Bb7 {[%clk 0:00:35]} 21. Na4
{[%clk 0:00:19]} Qc6 {[%clk 0:00:28]} 22. Nxc5 {[%clk 0:00:18]} Nxc5
{[%clk 0:00:29]} 23. dxc5 {[%clk 0:00:20]} Qxc5+ {[%clk 0:00:27]} 24. Be3
{[%clk 0:00:17]} Qd5 {[%clk 0:00:20]} 25. Rd1 {[%clk 0:00:17]} Qc6
{[%clk 0:00:19]} 26. Rd6 {[%clk 0:00:10]} Qe4 {[%clk 0:00:20]} 27. Rd4
{[%clk 0:00:09]} Qc6 {[%clk 0:00:20]} 28. Qb4 {[%clk 0:00:05]} Bxe5
{[%clk 0:00:12]} 29. Qb3+ {[%clk 0:00:05]} Kh8 {[%clk 0:00:12]} 30. Rc4
{[%clk 0:00:05]} Qd5 {[%clk 0:00:12]} 31. Qc2 {[%clk 0:00:03]} Bg7
{[%clk 0:00:13]} 32. Rc7 {[%clk 0:00:03]} Rac8 {[%clk 0:00:12]} 33. Rxc8
{[%clk 0:00:04]} Rxc8 {[%clk 0:00:13]} 34. Qa4 {[%clk 0:00:05]} Qe4
{[%clk 0:00:11]} 35. Qb5 {[%clk 0:00:06]} Qxe3+ {[%clk 0:00:12]} 36. Kg2
{[%clk 0:00:08]} Bxf3+ {[%clk 0:00:13]} 37. Rxf3 {[%clk 0:00:09]} Rc2+
{[%clk 0:00:14]} 38. Kg3 {[%clk 0:00:10]} Be5+ {[%clk 0:00:14]} 39. Kh4
{[%clk 0:00:10]} g5+ {[%clk 0:00:14]} 40. Kh5 {[%clk 0:00:11]} Qxf3+
{[%clk 0:00:15]} 41. Kxg5 {[%clk 0:00:12]} Qf4+ {[%clk 0:00:16]} 42. Kh5
{[%clk 0:00:13]} Qf3+ {[%clk 0:00:16]} 43. Kg5 {[%clk 0:00:14]} Bf4+
{[%clk 0:00:17]} 44. Kf6 {[%clk 0:00:15]} Qc6+ {[%clk 0:00:17]} 45. Qxc6
{[%clk 0:00:15]} Rxc6+ {[%clk 0:00:18]} 46. Kxf5 {[%clk 0:00:16]} Bc1
{[%clk 0:00:19]} 47. b4 {[%clk 0:00:17]} Rb6 {[%clk 0:00:20]} 48. Ke4 0-1

[Event "D14blitz"]
[Site "?"]
[Date "2020.08.27"]
[Round "6.4"]
[White "Siekanska, Maria"]
[Black "Zabrzanska, Weronika"]
[Result "1-0"]
[BlackElo "1634"]
[WhiteElo "1530"]
[LiveChessVersion "1.4.4"]

1. d4 {[%clk 0:03:04]} d5 {[%clk 0:03:02]} 2. c4 {[%clk 0:03:05]} e6
{[%clk 0:03:04]} 3. Nc3 {[%clk 0:03:06]} Nf6 {[%clk 0:03:05]} 4. cxd5
{[%clk 0:03:07]} exd5 {[%clk 0:03:06]} 5. Bg5 {[%clk 0:03:08]} Be7
{[%clk 0:03:07]} 6. e3 {[%clk 0:03:10]} O-O {[%clk 0:03:07]} 7. Bd3
{[%clk 0:03:11]} h6 {[%clk 0:03:08]} 8. Bh4 {[%clk 0:03:11]} c6 {[%clk 0:03:07]}
9. Nge2 {[%clk 0:03:12]} Ne4 {[%clk 0:03:06]} 10. Bxe7 {[%clk 0:03:09]} Qxe7
{[%clk 0:02:40]} 11. O-O {[%clk 0:03:04]} Nd7 {[%clk 0:02:39]} 12. Re1
{[%clk 0:02:47]} Ndf6 {[%clk 0:02:40]} 13. f3 {[%clk 0:02:42]} Nxc3
{[%clk 0:02:10]} 14. Nxc3 {[%clk 0:02:43]} Re8 {[%clk 0:02:11]} 15. e4
{[%clk 0:02:37]} Qb4 {[%clk 0:02:05]} 16. e5 {[%clk 0:02:17]} Nd7
{[%clk 0:01:39]} 17. Bc2 {[%clk 0:02:12]} Qxb2 {[%clk 0:01:37]} 18. Qd3
{[%clk 0:02:13]} Nf8 {[%clk 0:01:28]} 19. f4 {[%clk 0:01:49]} g6 {[%clk 0:01:21]}
20. Rab1 {[%clk 0:01:50]} Qa3 {[%clk 0:01:14]} 21. Nxd5 {[%clk 0:01:45]} Qxd3
{[%clk 0:00:55]} 22. Nf6+ {[%clk 0:01:46]} Kh8 {[%clk 0:00:52]} 23. Bxd3
{[%clk 0:01:41]} Rd8 {[%clk 0:00:51]} 24. g3 {[%clk 0:00:58]} Rxd4
{[%clk 0:00:48]} 25. Be4 {[%clk 0:00:58]} Nd7 {[%clk 0:00:30]} 26. Nxd7
{[%clk 0:00:44]} Bxd7 {[%clk 0:00:31]} 27. Rxb7 {[%clk 0:00:44]} a5
{[%clk 0:00:14]} 28. Rxd7 {[%clk 0:00:41]} Rxd7 29. Bxc6 {[%clk 0:00:43]} Rad8
{[%clk 0:00:11]} 30. Bxd7 {[%clk 0:00:44]} Rxd7 {[%clk 0:00:12]} 31. Re2
{[%clk 0:00:40]} a4 {[%clk 0:00:11]} 32. Kg2 {[%clk 0:00:41]} a3 {[%clk 0:00:11]}
33. Kf3 {[%clk 0:00:36]} Rb7 {[%clk 0:00:10]} 34. Re3 {[%clk 0:00:36]} Ra7
{[%clk 0:00:09]} 35. Rb3 {[%clk 0:00:35]} Kg7 {[%clk 0:00:09]} 36. g4
{[%clk 0:00:35]} Ra6 {[%clk 0:00:09]} 37. h4 {[%clk 0:00:35]} f6 {[%clk 0:00:07]}
38. Rb7+ {[%clk 0:00:36]} Kg8 {[%clk 0:00:08]} 39. exf6 {[%clk 0:00:37]} Rxf6
{[%clk 0:00:08]} 40. Ra7 {[%clk 0:00:38]} g5 {[%clk 0:00:05]} 41. hxg5
{[%clk 0:00:39]} hxg5 {[%clk 0:00:07]} 42. f5 {[%clk 0:00:40]} Kf8
{[%clk 0:00:07]} 43. Rxa3 {[%clk 0:00:41]} Rb6 {[%clk 0:00:07]} 44. Rb3
{[%clk 0:00:41]} Ra6 {[%clk 0:00:08]} 45. a3 {[%clk 0:00:41]} Ra4
{[%clk 0:00:09]} 46. Re3 {[%clk 0:00:35]} Rf4+ {[%clk 0:00:07]} 47. Kg3
{[%clk 0:00:36]} Ra4 {[%clk 0:00:09]} 48. Rd3 {[%clk 0:00:33]} Kf7
{[%clk 0:00:08]} 49. Rd7+ {[%clk 0:00:29]} Kf6 {[%clk 0:00:09]} 50. Rd6+
{[%clk 0:00:29]} Ke5 {[%clk 0:00:07]} 51. Rg6 {[%clk 0:00:24]} Rxa3+
{[%clk 0:00:08]} 52. Kg2 {[%clk 0:00:25]} Kf4 {[%clk 0:00:09]} 53. f6
{[%clk 0:00:27]} Kxg4 {[%clk 0:00:07]} 54. f7 {[%clk 0:00:27]} Ra2+
{[%clk 0:00:06]} 55. Kg1 {[%clk 0:00:26]} Kg3 {[%clk 0:00:03]} 56. Rxg5+
{[%clk 0:00:27]} Kh4 {[%clk 0:00:04]} 57. f8=Q {[%clk 0:00:24]} Ra1+ 58. Kg2 Ra2+
{[%clk 0:03:02]} 1-0

[Event "D14blitz"]
[Site "?"]
[Date "2020.08.27"]
[Round "6.5"]
[White "Mroz, Lena"]
[Black "Szopa, Emilia"]
[Result "1-0"]
[BlackElo "1241"]
[WhiteElo "1609"]
[LiveChessVersion "1.4.4"]

1. e4 c5 2. Nf3 Nc6 3. d4 cxd4 4. Nxd4 Nf6 5. Nc3 e5 6. Ndb5 d6 7. Bg5 a6 8. Na3
b5 9. Nd5 Be7 10. Bxf6 Bxf6 11. c3 Bg5 12. Be2 O-O 13. O-O Rb8 14. Nc2 f5 15.
exf5 Bxf5 16. a4 bxa4 17. Ncb4 Nxb4 18. Nxb4 Qb6 19. Qxa4 Be6 20. Qxa6 Qc5 21.
Qa5 Qxa5 22. Rxa5 Rfd8 23. Nc6 Rxb2 24. Nxd8 Bxd8 25. Ra8 Rxe2 26. Rxd8+ Kf7 27.
Rxd6 Rc2 28. Rc6 Bd5 29. Rc5 Ke6 30. Rd1 Be4 31. f3 Bb7 32. Kf1 Ba6+ 33. Kg1 Bb7
34. h4 Ba6 35. Kh2 Be2 36. Re1 Bxf3 37. Kg3 Bd5 38. Rg1 Kd6 39. Rc8 Bb7 40. Rg8
Rxc3+ 41. Kf2 Rc7 42. Rd1+ Ke6 43. Rd2 Rf7+ 44. Ke3 Kf6 45. Rgd8 Kg6 46. g3 Rf3+
47. Ke2 Rxg3 48. Re8 Ba6+ 49. Ke1 Re3+ 50. Kf2 Re4 51. Rd6+ Kh5 52. Rxa6 Rf4+ 53.
Ke3 Kxh4 54. Rxe5 Rf1 55. Ra4+ Kg3 56. Rg5+ Kh3 57. Rxg7 Re1+ 58. Kf2 1-0

[Event "D14blitz"]
[Site "?"]
[Date "2020.08.27"]
[Round "6.6"]
[White "Lajdamik, Anna"]
[Black "Giemza, Julia"]
[Result "0-1"]
[BlackElo "1284"]
[WhiteElo "1333"]
[LiveChessVersion "1.4.4"]

1. e4 c5 2. Nf3 e6 3. d4 cxd4 4. Nxd4 Qb6 5. Nc3 {[%clk 0:03:06]} Bc5
{[%clk 0:03:09]} 6. Be3 {[%clk 0:02:36]} Nc6 {[%clk 0:03:10]} 7. Bc4
{[%clk 0:02:28]} Bxd4 {[%clk 0:03:00]} 8. Bxd4 {[%clk 0:02:28]} Qxd4
{[%clk 0:02:56]} 9. Qe2 {[%clk 0:01:59]} a6 {[%clk 0:02:49]} 10. Rd1
{[%clk 0:01:57]} Qb6 {[%clk 0:02:44]} 11. O-O {[%clk 0:01:52]} Nge7
{[%clk 0:02:41]} 12. Kh1 O-O 13. f4 Qc7 {[%clk 0:02:14]} 14. e5 {[%clk 0:01:43]}
b5 {[%clk 0:02:08]} 15. Bd3 {[%clk 0:01:43]} Nd4 {[%clk 0:02:06]} 16. Qg4
{[%clk 0:01:39]} Ndf5 {[%clk 0:01:51]} 17. Ne4 {[%clk 0:00:51]} Kh8
{[%clk 0:01:02]} 18. Qh3 {[%clk 0:00:45]} Bb7 {[%clk 0:00:50]} 19. Ng5
{[%clk 0:00:17]} h6 20. Nf3 Rfd8 {[%clk 0:00:12]} 21. Rde1 {[%clk 0:00:11]} d6
{[%clk 0:00:11]} 22. g4 {[%clk 0:00:10]} Nd4 {[%clk 0:00:12]} 23. g5
{[%clk 0:00:08]} Bxf3+ 24. Rxf3 Nxf3 25. Qxf3 Qc6 {[%clk 0:00:10]} 26. Be4
{[%clk 0:00:10]} d5 {[%clk 0:00:11]} 27. Bd3 {[%clk 0:00:09]} Nf5
{[%clk 0:00:09]} 28. gxh6 {[%clk 0:00:09]} Nxh6 {[%clk 0:00:09]} 29. Rg1
{[%clk 0:00:10]} Rac8 {[%clk 0:00:09]} 30. f5 {[%clk 0:00:11]} exf5
{[%clk 0:00:07]} 31. Bxf5 {[%clk 0:00:11]} Rc7 {[%clk 0:00:07]} 32. Qg3
{[%clk 0:00:12]} g6 {[%clk 0:00:08]} 33. Bd3 {[%clk 0:00:11]} d4+
{[%clk 0:00:08]} 34. Rg2 {[%clk 0:00:12]} Nf5 {[%clk 0:00:08]} 35. Qh4+
{[%clk 0:00:11]} Nxh4 {[%clk 0:00:09]} 36. Rf2 {[%clk 0:00:10]} 0-1